| 000 | 01015nabaa22002177a 4500 | ||
|---|---|---|---|
| 999 |
_c6282 _d6282 |
||
| 003 | OSt | ||
| 005 | 20260128231708.0 | ||
| 008 | 190701b xxu||||| |||| 00| 0 spa d | ||
| 040 | _cPJ | ||
| 100 |
_96979 _aBonhote, Laura V. |
||
| 245 | 1 | 3 |
_aEl derecho a la propiedad en crisis / _cLaura V. Bonhote. |
| 300 | _ap. 117-122 | ||
| 500 | _aCita: TR LALEY AR/DOC/3269/2024 | ||
| 505 | _aSumario: I. Introducción.— II. Breve marco teórico.— III. El caso "Acosta".— IV. Aspectos relevantes del caso.— V. Abordaje del problema.— VI. La influencia de grupos vulnerables en los procesos involucrados.— VII. Reflexión final. | ||
| 505 | _t¿Te interesa el texto completo? Comunicate al correo: koha@justierradelfuego.gov.ar | ||
| 650 | 0 |
_9211 _aDERECHO ADMINISTRATIVO |
|
| 650 | 0 |
_96327 _aDERECHO DE PROPIEDAD |
|
| 650 | 0 |
_9178 _aDERECHO CONSTITUCIONAL |
|
| 773 | 0 |
_02842 _93251 _dBuenos Aires : AbeledoPerrot, 2012- _oDA121 _tDerecho administrativo. Nº 157 enero/febrero 2025 _z18510590 |
|
| 942 |
_2udc _cANA |
||